Marketingový mix eko-produktu bakalárska práca

Gespeichert in:
Bibliographische Detailangaben
1. Verfasser: Huclová, Dominika
Körperschaft: Obchodná fakulta EU. Katedra marketingu
Weitere Verfasser: Okasová, Zuzana, 1988-
Format: Buch
Sprache:Slowakisch
Veröffentlicht: Bratislava 2017
Tags: Tag hinzufügen
Keine Tags, Fügen Sie das erste Tag hinzu!

MARC

LEADER 00000nbm a2200000 4500
001 0232725
005 20170920131239.9
041 0 |a slo 
044 |a SK 
245 1 0 |a Marketingový mix eko-produktu  |b bakalárska práca  |c Dominika Huclová ; školiteľ: Zuzana Okasová 
264 1 |a Bratislava  |c 2017 
300 |a 57 s. 
100 1 |a Huclová, Dominika 
700 1 |a Okasová, Zuzana, 1988- 
710 2 |a Obchodná fakulta EU. Katedra marketingu